| 000 | 00948nam a2200229Ia 4500 | ||
|---|---|---|---|
| 008 | 0000002004 usad 0000000000eng00 | ||
| 090 | _aPUS00 A21a1 | ||
| 245 | 1 | 0 |
_aAdam Ross _b: the city at the edge of time |
| 300 |
_a22 p. _c/ 21 cm. |
||
| 500 | _aExposición realizada en Kevin Bruk Gallery, Miami, noviembre diciembre, 2004 \ Incluye cronología del artista \ Proyecto Ganador Programa Apoyos Concertados FGAA 2010 | ||
| 501 | _aSlouching towards Trrow : Adams Ross and the city at the edge of time / Joel Weinstein | ||
| 600 | 0 | 0 |
_aROSS, ADAM, 1962/ _xTRABAJOS PICTORICOS |
| 650 | 1 | 4 | _aARTE CONTEMPORANEO ESTADOUNIDENSE |
| 650 | 1 | 4 | _aARTISTAS PLASTICOS ESTADOUNIDENSES |
| 650 | 1 | 4 | _xCATALOGOS |
| 650 | 1 | 4 | _xEXPOSICIONES |
| 650 | 1 | 4 | _aPINTORES ESTADOUNIDENSES |
| 650 | 1 | 4 | _aPINTURA ACRILICA (ARTE) |
| 650 | 1 | 4 | _aPINTURA ESTADOUNIDENSE |
| 700 | 1 | _aWeinstein, Joel | |
| 999 |
_c12046 _d12046 |
||
| 260 |
_aMiami : Kevin Bruk Gallery _c2004 |
||